Tell us our names : (Record no. 7566)

MARC details
000 -LEADER
fixed length control field 00635nam a22002177a 4500
003 - CONTROL NUMBER IDENTIFIER
control field GBCCL
005 - DATE AND TIME OF LATEST TRANSACTION
control field 20241126110631.0
008 - FIXED-LENGTH DATA ELEMENTS--GENERAL INFORMATION
fixed length control field 180823b ||||| |||| 00| 0 eng d
020 ## - INTERNATIONAL STANDARD BOOK NUMBER
International Standard Book Number 1597523038
020 ## - INTERNATIONAL STANDARD BOOK NUMBER
International Standard Book Number 9781597523035
040 ## - CATALOGING SOURCE
Transcribing agency gbc
082 ## - DEWEY DECIMAL CLASSIFICATION NUMBER
Classification number 230.095
Item number SON
100 ## - MAIN ENTRY--PERSONAL NAME
Personal name Song, Choan-Seng
9 (RLIN) 13364
245 ## - TITLE STATEMENT
Title Tell us our names :
Remainder of title story theology from an Asian perspective
260 ## - PUBLICATION, DISTRIBUTION, ETC.
Date of publication, distribution, etc. 1985.
Place of publication, distribution, etc. Indore:
Name of publisher, distributor, etc. SSK,
300 ## - PHYSICAL DESCRIPTION
Extent 238p. ;
650 ## - SUBJECT ADDED ENTRY--TOPICAL TERM
Topical term or geographic name entry element Storytelling -- Religious aspects -- Christianity.
9 (RLIN) 13365
650 ## - SUBJECT ADDED ENTRY--TOPICAL TERM
Topical term or geographic name entry element Theology, Doctrinal -- Asia.
9 (RLIN) 13366
650 ## - SUBJECT ADDED ENTRY--TOPICAL TERM
Topical term or geographic name entry element Theology, Doctrinal.
9 (RLIN) 14
942 ## - ADDED ENTRY ELEMENTS (KOHA)
Source of classification or shelving scheme Dewey Decimal Classification
Koha item type Books
Holdings
Withdrawn status Lost status Source of classification or shelving scheme Damaged status Not for loan Home library Current Library Shelving location Date acquired Total checkouts Full call number Barcode Date last seen Copy number Price effective from Koha item type
    Dewey Decimal Classification     GRACE BIBLE COLLEGE GRACE BIBLE COLLEGE Theology 2018-08-23   230.095 SON 002874 2025-05-01 c.1 2018-08-23 Books
© Grace Bible College Library 2025